000 00630nam a2200205 a 4500
999 _c3645
_d3645
001 3645
003 BD-JhCC
005 20171119090002.0
008 171115s1976 b ||||| |||| 00| 0 ben d
035 _a(BD-JhCC)
040 _aBD-JhCC
_dBD-JhCC
041 _aben
082 _a891.4435
_bALI 1976
100 _aআলী, শওকত,মুহন্মদ
245 _aসাইকেল এলো কেমন করে /
_cমুহন্মদ শওকত আলী
260 _aঢাকা :
_bমুক্তধারা,
_c১৯৭৬
300 _a23 p. :
_c22cm.
650 _aInvention of cycle
942 _2ddc
_cBK